00223nam a2200097 a 4500008004100000050001600041100002100057245002700078260001100105350000900116120416s1979 xx |||||||||||||| || u aNK 6410 Ste aStewart, Richard10aModern design in metal c[1979] a0.00